Представление документа в формате RUSMARC

ПолеНазваниеЗначение
  Тип записи i
  Библиографический уровень m
001 Контрольный номер RU/IS/BASE/395320319
005 Дата корректировки 20241127111655.8
010 Индекс ISBN __
d Цена 149-75; 156-94
100 Данные общей обработки __
a Данные общей обработки 19160909d2010||||||| 0engy0189 ca
101 Язык документа 1_
a Язык текста eng
a Язык текста rus
102 Страна публикации __
a Страна публикации ru
102 Страна публикации __
a Страна публикации ru
105 Кодированные данные (монография) __
a Кодированные данные (монография) nn|||||||f|zy
127 Кодированные данные (звукозаписи-физические характеристики) __
a Продолжительность проигрывания 01 ч 26 мин
200 Заглавие и сведения об ответственности 1_
a Заглавие Humour Stories
e Сведения, относящиеся к заглавию [аудиокнига : 16+]
f Первые сведения об ответственности read by Michael Wighton and Adam Muskin ; читает Владимир Самойлов ; перевод А. Черняка
b Общее обозначение материала Звукозапись
200 Заглавие и сведения об ответственности 1_
d Параллельное заглавие Юмористические рассказы
210 Выходные данные 1_
a Место издания Москва
c Издательство АРДИС
d Дата издания 2010
215 Физическое описание __
a Объем 1 электрон. опт. диск (Audio CD)
c Иллюстрации/тип воспроизводства mp3, stereo
d Формат 13х14 см
225 Серия 2_
a Серия Литература на иностранных языках
225 Серия 2_
a Серия Аудиокнига
230 Специфическая характеристика материала: электронные ресурсы __
a Обозначение и объем ресурса Электронные звуковые данные
300 Общие примечания __
a Общие примечания Заглавие с этикетки диска
300 Общие примечания __
a Общие примечания Текст на англ. и рус. яз.
323 Примечание о главных создателях, исполнителях, участниках __
a Примечание о главных создателях, исполнителях, участниках Самойлов, В. (читает)
327 Примечание о содержании 0_
a Примечание о содержании Путешествие не по-детски / Бенчли Р. Ч.
327 Примечание о содержании 0_
a Примечание о содержании Это вездесущее "знаете ли" / Тербер Д. Г.
327 Примечание о содержании 0_
a Примечание о содержании Мини-рецензия / Вуллкотт А. Х.
327 Примечание о содержании 0_
a Примечание о содержании Миссис Нувориш покупает антиквариат / Ликок С. Б.
327 Примечание о содержании 0_
a Примечание о содержании Kiddie-Kar Travel / R. Benchley
327 Примечание о содержании 0_
a Примечание о содержании The Spreading “You Know” / J. Thurber
327 Примечание о содержании 0_
a Примечание о содержании Capsule Criticism / A. Woollcott
327 Примечание о содержании 0_
a Примечание о содержании Mrs Newrich Buys Antiques / L. Stephen
330 Аннотация __
a Аннотация Юмористические рассказы американских писателей.
333 Примечание о целевом назначении __
a Примечание о целевом назначении 16+. Для детей старше 16 лет
517 Другие варианты заглавия 1_
a Другие варианты заглавия Путешествие не по-детски
517 Другие варианты заглавия 1_
a Другие варианты заглавия Это вездесущее "знаете ли"
517 Другие варианты заглавия 1_
a Другие варианты заглавия Мини-рецензия
517 Другие варианты заглавия 1_
a Другие варианты заглавия Миссис Нувориш покупает антиквариат
517 Другие варианты заглавия 1_
a Другие варианты заглавия Kiddie-Kar Travel
517 Другие варианты заглавия 1_
a Другие варианты заглавия The Spreading “You Know”
517 Другие варианты заглавия 1_
a Другие варианты заглавия Capsule Criticism
517 Другие варианты заглавия 1_
a Другие варианты заглавия Mrs Newrich Buys Antiques
606 Тематические рубрики __
a Основная рубрика Художественная литература
y Географическая подрубрика США
606 Тематические рубрики __
a Основная рубрика Соединенные Штаты Америки
606 Тематические рубрики __
a Основная рубрика Литература Америки (произведения)
610 Ключевые слова 0_
a Ключевые слова американская литература
a Ключевые слова английский язык
a Ключевые слова зарубежная литература
a Ключевые слова иностранная литература
a Ключевые слова рассказы
a Ключевые слова тема юмора
a Ключевые слова юмористические рассказы
686 Индексы других классификаций __
2 Код системы rubbks
a Классификационный индекс 84(7Сое)6-4я04
702 Вторичная интеллектуальная ответственность _1
a Фамилия Бенчли
b Имя Р. Ч.
4 Код отношения Автор
4 Код отношения 070
702 Вторичная интеллектуальная ответственность _1
a Фамилия Тербер
b Имя Д. Г.
4 Код отношения Автор
4 Код отношения 070
702 Вторичная интеллектуальная ответственность _1
a Фамилия Вуллкотт
b Имя А. Х.
4 Код отношения Автор
4 Код отношения 070
702 Вторичная интеллектуальная ответственность _1
a Фамилия Ликок
b Имя С. Б.
4 Код отношения Автор
4 Код отношения 070
702 Вторичная интеллектуальная ответственность _1
a Фамилия Черняк
b Имя А.
4 Код отношения Переводчик
4 Код отношения 730
801 Источник записи _0
a Страна ru
b Организация Муниципальное бюджетное учреждение культуры "Централизованная библиотечная система" г. Сургут (Центральная городская библиотека им. А. С. Пушкина)
c Дата составления 20160909
g Правила каталогизации КиК/Котельникова; КиК/Лукашук
801 Источник записи _1
a Страна ru
b Организация Муниципальное бюджетное учреждение культуры "Централизованная библиотечная система" г. Сургут (Центральная городская библиотека им. А. С. Пушкина)
c Дата составления 20160909
g Правила каталогизации КиК/Котельникова; КиК/Лукашук
852 Данные о местонахождении __
j Шифр хранения 84(7Сое)6-4я04
i Авторский знак H 91
901 Тип документа __
t Тип документа 0
903 Характеристики (МАРС) __
a Дата передачи 20160909; 20120711
969 Тип издания __
a Тип издания аудиокнига; издание для слепых; сборник
990 Данные о заказе (DOS) __
j Количество экземпляров (DOS) 1; 1
h N записи в КСУ для Б/У (DOS) 201207
t N записи в КСУ для И/У (DOS) 201609